|
|
|
|
| LEADER |
02765nam a2200745 4500 |
| 001 |
ocn841039608 |
| 003 |
OCoLC |
| 005 |
20170124072244.1 |
| 006 |
m o d |
| 007 |
cr ||||||||||| |
| 008 |
130416s2013 nju ob 001 0 eng |
| 010 |
|
|
|a 2013015623
|
| 040 |
|
|
|a DLC
|b eng
|e rda
|c DLC
|d N$T
|d OCLCF
|d UKDOC
|d IDEBK
|d EBLCP
|d CUS
|d DG1
|d YDXCP
|d RECBK
|d CDX
|d K6U
|d E7B
|d DEBSZ
|d COO
|d DEBBG
|d LOA
|d GrThAP
|
| 019 |
|
|
|a 859835892
|a 864912232
|a 864993341
|a 875241030
|a 961599739
|a 962573715
|
| 020 |
|
|
|a 9781118418260 (pdf)
|
| 020 |
|
|
|a 1118418263 (pdf)
|
| 020 |
|
|
|a 9781118415740 (epub)
|
| 020 |
|
|
|a 1118415744 (epub)
|
| 020 |
|
|
|z 9780470948569 (cloth : acid-free paper)
|
| 020 |
|
|
|a 9781118686195
|
| 020 |
|
|
|a 1118686195
|
| 020 |
|
|
|a 1299966284
|
| 020 |
|
|
|a 9781299966284
|
| 020 |
|
|
|z 0470948566
|
| 020 |
|
|
|z 9781118837849
|
| 020 |
|
|
|a 1118837843
|
| 020 |
|
|
|a 9781118837849
|
| 028 |
0 |
1 |
|a EB00063532
|b Recorded Books
|
| 029 |
1 |
|
|a AU@
|b 000052334832
|
| 029 |
1 |
|
|a NZ1
|b 15341802
|
| 029 |
1 |
|
|a AU@
|b 000053337455
|
| 029 |
1 |
|
|a NLGGC
|b 389804177
|
| 029 |
1 |
|
|a NZ1
|b 15905508
|
| 029 |
1 |
|
|a CHVBK
|b 334095794
|
| 029 |
1 |
|
|a CHBIS
|b 010441818
|
| 029 |
1 |
|
|a DEBSZ
|b 431523657
|
| 029 |
1 |
|
|a DEBBG
|b BV043395754
|
| 035 |
|
|
|a (OCoLC)841039608
|z (OCoLC)859835892
|z (OCoLC)864912232
|z (OCoLC)864993341
|z (OCoLC)875241030
|z (OCoLC)961599739
|z (OCoLC)962573715
|
| 037 |
|
|
|a 527879
|b MIL
|
| 042 |
|
|
|a pcc
|
| 050 |
0 |
0 |
|a TA705
|
| 072 |
|
7 |
|a TEC
|x 009020
|2 bisacsh
|
| 082 |
0 |
0 |
|a 624
|2 23
|
| 049 |
|
|
|a MAIN
|
| 100 |
1 |
|
|a Briaud, J.-L.
|
| 245 |
1 |
0 |
|a Geotechnical engineering :
|b unsaturated and saturated soils /
|c Jean-Louis Briaud.
|
| 264 |
|
1 |
|a Hoboken, New Jersey :
|b John Wiley & Sons,
|c 2013.
|
| 300 |
|
|
|a 1 online resource.
|
| 336 |
|
|
|a text
|2 rdacontent
|
| 337 |
|
|
|a computer
|2 rdamedia
|
| 338 |
|
|
|a online resource
|2 rdacarrier
|
| 500 |
|
|
|a "Published simultaneously in Canada"--Title page verso.
|
| 504 |
|
|
|a Includes bibliographical references and index.
|
| 588 |
|
|
|a Description based on print version record and CIP data provided by publisher.
|
| 650 |
|
0 |
|a Geotechnical engineering
|v Textbooks.
|
| 650 |
|
0 |
|a Soil mechanics
|v Textbooks.
|
| 650 |
|
7 |
|a TECHNOLOGY & ENGINEERING / Civil / General
|2 bisacsh
|
| 650 |
|
7 |
|a Geotechnical engineering.
|2 fast
|0 (OCoLC)fst01893896
|
| 650 |
|
7 |
|a Soil mechanics.
|2 fast
|0 (OCoLC)fst01124463
|
| 655 |
|
4 |
|a Electronic books.
|
| 655 |
|
7 |
|a Textbooks.
|2 fast
|0 (OCoLC)fst01423863
|
| 655 |
|
0 |
|a Electronic books.
|
| 776 |
0 |
8 |
|i Print version:
|a Briaud, J.-L.
|t Introduction to geotechnical engineering
|d Hoboken, New Jersey : John Wiley & Sons, 2013
|z 9780470948569
|w (DLC) 2013004684
|
| 856 |
4 |
0 |
|u https://doi.org/10.1002/9781118686195
|z Full Text via HEAL-Link
|
| 994 |
|
|
|a 92
|b DG1
|